000 00567nam a2200205Ia 4500
005 20250923144846.0
008 008 250917s9999 xx 000 0 eng d
037 _aTextual
040 _aDSWL
_beng
_cDSWL
041 _aeng
_2eng
084 _aYX,ZD, N63
_qDSWL
100 _aKonopka, G.
_9829143
245 0 _aSocial grief work: A helping process
_cby G. Konopka
260 _aNew York
_bPrentice Hall
_c1963
300 _a307p.
365 _aUSD
_b5.95
925 _g5.95
942 _cTEXL
_hYX,ZD, N63
999 _c1444262
_d1444262